El erudito /
El erudito, es un juego de mesa de cultura general, donde los participantes deben responder las preguntas apostando a su conocimiento, con el objetivo de ganar dinero para comprar 4 monedas. Se puede jugar en equipos, hasta 4, con tantos integrantes como se quiera; también se puede jugar de manera i...
Uloženo v:
| Hlavní autor: | |
|---|---|
| Další autoři: | |
| Médium: | Fyzický předmět |
| Jazyk: | španělština |
| Vydáno: |
Buenos Aires, Argentina :
Maldón,
|
| Témata: | |
| Tagy: |
Žádné tagy, Buďte první, kdo vytvoří štítek k tomuto záznamu!
|
MARC
| LEADER | 00000nrm^a2200000^a^4500 | ||
|---|---|---|---|
| 001 | 000616316 | ||
| 005 | 20250804000000.0 | ||
| 009 | 20260310133718.383 | ||
| 037 | |a Acervo ITESO - Biblioteca | ||
| 041 | |a ESP | ||
| 091 | |a JUE. 0092 | ||
| 100 | |a Argiz, Christian |e (autor) | ||
| 245 | 1 | 3 | |a El erudito / |c C. Argiz ; il. de Liniers. |
| 264 | 4 | |a Buenos Aires, Argentina : |b Maldón, | |
| 300 | |a 1 juego (1 tablero, 2 dados, 4 fichas de juego, 484 tarjetas de preguntas, billetes, tarjetas de la suerte, monedas, 1 reglamento, 1 estuche) ; |c 22.0 x 31.0 x 7.0 cm. | ||
| 336 | |a forma objetual tridimensional |b tdf |2 rdacontenido | ||
| 337 | |a sin mediación |b n |2 rdamedio | ||
| 338 | |a otro (juego) |b nz |2 rdasoporte | ||
| 520 | |a El erudito, es un juego de mesa de cultura general, donde los participantes deben responder las preguntas apostando a su conocimiento, con el objetivo de ganar dinero para comprar 4 monedas. Se puede jugar en equipos, hasta 4, con tantos integrantes como se quiera; también se puede jugar de manera individual, de 2 a 4 jugadores, con las mismas reglas; está recomendado para personas de 15 años en adelante y las partidas tienen una duración aproximada de 60 minutos. Entre los materiales que lo integran, cuenta con un reglamento que explica la dinámica del juego. | ||
| 649 | |a XX | ||
| 650 | |a Cultura - |x Generalidades - |x Tema Principal | ||
| 650 | |a Juegos Mentales | ||
| 650 | |a Juegos Educativos | ||
| 650 | |a Juegos Competitivos | ||
| 650 | |a Juegos de Mesa - |x Tema Principal | ||
| 650 | |a Euros (Juegos) - |x Tema Principal | ||
| 650 | |a Apoyos Didácticos | ||
| 650 | |a Ocio y Tiempo Libre | ||
| 700 | |a Liniers |e (ilustración) | ||
| 910 | |a Fondo General | ||
| 920 | |a Volumétricos - Juegos Préstamo Interno | ||
| 930 | |a Juegos Préstamo Interno | ||
| 905 | |a 601 | ||
| 901 | |a 616316-10 |b IT2 |c LUI |i C190333 |u 20250625 | ||
| 901 | |a 616316-20 |b IT2 |c LUI |i C190334 |u 20250804 | ||
| 902 | |a https://opac.biblio.iteso.mx/vufind/Record/000616316 | ||